000 00488nmc a2200193 a 4500
003 AR-X00000XY
005 20251128212007.0
008 077020s1952 ||||||||||||||000 | spa||
040 _cAR-X00000XY
100 1 _aAlvarez Baragaño, José
245 1 0 _aCambiar la vida
260 _aParis
_bLe Soleil Noir
_c1952
300 0 _a69 p.
490 0 _aEtranger
500 _aCon anotaciones manuscritas de Alejandra Pizarnik
655 _aLITERATURA
942 _cBK
998 _cmartin
999 _c21959
_d21959